000 00596nam a22002057a 4500
005 20220715162321.0
008 220715b ||||| |||| 00| 0 eng d
040 _cAloy
041 _aeng
082 _223
_a355.007
_bSHEV
100 _aT S Shergil and others
_950148
245 _aValour and wisdom Indian military academy
260 _aDehradun:
_bIndian Military Academy,
_c2002
300 _aiv,144p.
_bHB
_c28x21cm.
650 _aMilitary Science
_950149
700 _aSHERGILL (T S)
_950150
700 _aSINGH (Jitendra)
_950151
700 _aBHATNAGAR (P S)
_950152
942 _2ddc
_cGF
999 _c223849
_d223849